Lógica

Gorde:
Xehetasun bibliografikoak
Egile nagusia: Bianchi de Zizzias, Elia Ana
Beste egile batzuk: Lucero, María Teresa, Quinteros, Miriam
Formatua: Liburua
Hizkuntza:gaztelania
Argitaratua: Buenos Aires Docencia 1986
Gaiak:
Etiketak: Etiketa erantsi
Etiketarik gabe, Izan zaitez lehena erregistro honi etiketa jartzen!

MARC

LEADER 00000nam a2200000 a 4500
001 UCR6086
003 CL-VaPUC
005 20240819143125.0
008 980420e19860000AG |||||||||||||||||spa|d
999 |c 268393  |d 268391 
040 |c Pontificia Universidad Católica de Valparaíso 
082 0 4 |a 160 BIA 1986  |2 21 
100 0 |a Bianchi de Zizzias, Elia Ana  |9 407207 
245 1 0 |a Lógica 
260 |a Buenos Aires  |b Docencia  |c 1986 
300 |a 125 páginas 
583 |a last modification  |c 19980420 00:00:00  |k Rodrigo Vera 
650 0 |a Lógica  |9 256849 
650 0 |a Juicio  |9 321615 
650 0 |a Razonamiento  |9 256520 
650 0 |a Silogismos  |9 342142 
650 0 |a Argumentación   |9 257103 
700 0 |a Lucero, María Teresa  |9 407208 
700 0 |a Quinteros, Miriam  |9 407209 
942 |c BK  |2 ddc 
945 |d 19980420 00:00:00  |a rleighto 
952 |0 0  |1 0  |2 ddc  |4 0  |6 160_000000000000000_BIA_1986  |7 0  |8 A  |9 301533  |a BIBEDU  |b BIBEDU  |d 2019-11-20  |i 3418510  |o 160 BIA 1986  |p 3418510  |r 2019-11-20  |t 1  |w 2019-11-20  |y BK  |k BME